| 000 | 00686nam a22002171i 4500 | ||
|---|---|---|---|
| 001 | 140939 | ||
| 003 | ES-MaACL | ||
| 005 | 20230906200202.0 | ||
| 007 | t| | ||
| 008 | 070918s1969 sp ||||0| spa d | ||
| 016 | 7 | _zIND2000945560 | |
| 040 |
_aM-BN _bspa _cCDM |
||
| 080 | _a2(07) | ||
| 100 | 1 |
_aWilhelm, Anthony J. _9116839 |
|
| 245 | 1 | 0 |
_aCristo entre nosotros _b: exposición moderna de la fe católica / _cAnthony J. Wilhelm ; [versión por Angel Sáinz Sáez]. |
| 260 |
_aBilbao : _bMensajero, _c[1969] |
||
| 300 |
_a398 p. ; _c22 cm. |
||
| 650 | 1 | 4 |
_aReligión- _vLibros escolares. _916802 |
| 700 | 0 |
_aSáinz Sáez, Angel. _9101609 |
|
| 852 |
_aES-MaACL _jC-38125 _bR.71950 |
||
| 999 |
_c140939 _d140939 |
||